The Social Factor (Record no. 354026)

MARC details
000 -LEADER
fixed length control field 00426nam a2200145Ia 4500
008 - FIXED-LENGTH DATA ELEMENTS--GENERAL INFORMATION
fixed length control field 230719s9999 xx 000 0 und d
041 ## - LANGUAGE CODE
Language code of text/sound track or separate title eng
082 ## - DEWEY DECIMAL CLASSIFICATION NUMBER
Classification number 306.460
Item number AZU
100 ## - MAIN ENTRY--PERSONAL NAME
Personal name Azua M.
9 (RLIN) 203717
245 ## - TITLE STATEMENT
Title The Social Factor
Remainder of title Innovate, Ignite,And Win Through Mass Collaboration And Social Networking
260 ## - PUBLICATION, DISTRIBUTION, ETC. (IMPRINT)
Date of publication, distribution, etc. 2010
Name of publisher, distributor, etc. IBM Press, Pearson Inc.
300 ## - PHYSICAL DESCRIPTION
Extent 247
365 ## - TRADE PRICE
Currency code Rs.
Price amount 845.00
700 ## - ADDED ENTRY--PERSONAL NAME
Personal name Azua M.
9 (RLIN) 203717
Holdings
Withdrawn status Lost status Damaged status Not for loan Home library Current library Shelving location Date acquired Vendor Cost, normal purchase price Full call number Barcode Date last seen Cost, replacement price Bill Date Koha item type Original Barcode
        Cummins College of Engineering for Women Pune Cummins College of Engineering for Women Pune Donated Book 26/07/2012 Masurkar Enterprises 845.00 306.460 CCEP-DB-231 19/07/2023 845.00 19/07/2023 Books D00231